Lataa...

Hatter`s castle /

Bibliografiset tiedot
Päätekijä: Cronin, A J.
Aineistotyyppi: Printed Book
Julkaistu: London : Victor Gollanz Ltd.. 1971.
Aiheet:
LEADER 00416cam a2200133ua 4500
082 1 4 |a 823.914  |b CRO-H 
100 1 |a Cronin, A J. 
245 1 0 |a Hatter`s castle /  
260 |a London :   |b Victor Gollanz Ltd..  |c 1971. 
300 |a 461p. ;  
650 0 |a Scottish literature-fiction 
942 |c BK 
999 |c 29624  |d 29624 
952 |0 0  |1 0  |4 0  |6 823_914000000000000_CROH  |7 0  |9 37959  |a KU  |b KU  |d 2015-07-05  |l 0  |o 823.914 CRO-H  |p EN02978  |r 2015-07-05  |y BK